Convertir la incertidumbre en oportunidad (Registro nro. 10765)

Detalles MARC
000 -LEADER
fixed length control field 00390 a2200121 4500
001 - CONTROL NUMBER
control field ART_10103
005 - DATE AND TIME OF LATEST TRANSACTION
control field 20260410161612.0
008 - FIXED-LENGTH DATA ELEMENTS--GENERAL INFORMATION
fixed length control field 260409a
100 1# - MAIN ENTRY--PERSONAL NAME
Personal name Coatsworth, John H.
245 10 - TITLE STATEMENT
Title Convertir la incertidumbre en oportunidad
700 1# - ADDED ENTRY--PERSONAL NAME
Personal name Austin, James
773 0# - HOST ITEM ENTRY
Title Harvard Business Review
Related parts ¿Quién fija la estrategia? - Vol. 85, Nº 2 (feb. 2007)
Record control number REV340

No hay ítems disponibles.